Kliknij państwa świata na mapie bez granic #1 - Statystyki

Ogólne statystyki
  • Ten quiz został rozwiązany 9 511 razy
  • Średni wynik to 15 z 25
Odpowiedzi na mapie
Odpowiedzi zakodowano w zielono-czerwonej skali na mapie do tego quizu, zgodnie z poniższymi procentami.
 
Statystyki odpowiedzi
Odpowiedź % Poprawnych
Brazylia
98%
Indie
94%
Nowa Zelandia
89%
Meksyk
88%
Szwecja
88%
Egipt
83%
Chile
82%
Maroko
79%
Papua-Nowa Gwinea
63%
Jemen
62%
Portugalia
62%
Turcja
52%
Malezja
51%
Niemcy
51%
Nigeria
47%
Irlandia
46%
Republika Południowej Afryki
45%
Korea Północna
40%
Kuba
39%
Kazachstan
38%
Iran
37%
Nikaragua
37%
Wietnam
37%
Seszele
36%
Kenia
33%
Nie znaleziono quizów pasujących do podanych kryteriów
Rozkład punktacji
Procent ludzi z każdym wynikiem
Percentyl według liczby udzielonych odpowiedzi
Twoja historia wyników
Nie rozwiązałeś tego quizu